Trouvez les joueurs NBA grâce a ces photos #2 - Statistiques

Statistiques générales
  • Ce quiz a été pris 1 271 fois
  • Le résultat moyen est 13 sur 16
Statistiques - réponses
Par images Réponse % Correct
Tony Parker
99%
James Harden
97%
Luka Doncic
94%
Klay Thompson
91%
LaMelo Ball
91%
Nikola Jokić
89%
Kyrie Irving
88%
Larry Bird
86%
Lonzo Ball
82%
Karl-Anthony Towns
80%
Kyle Lowry
76%
Ray Allen
76%
Seth Curry
74%
Steven Adams
74%
Fred VanVleet
55%
Montrezl Harrell
33%
Aucun quiz correspondant
Distribution des résultats
% des personnes avec chaque résultat
Percentile par nombre de réponses
Votre historique - résultats
Vous n’avez pas pris ce quiz